<?xml version="1.0" encoding="UTF-8"?>
<collection xmlns="http://www.loc.gov/MARC21/slim">
 <record>
  <leader>00462nam a22001575a 4500</leader>
  <controlfield tag="001">EHU.bham005371</controlfield>
  <controlfield tag="003">AR-BHAM</controlfield>
  <controlfield tag="005">20081016111631.0</controlfield>
  <controlfield tag="008">130507s1955##################000#0#####d</controlfield>
  <datafield tag="082" ind1="4" ind2="6">
   <subfield code="a">464.1</subfield>
  </datafield>
  <datafield tag="100" ind1="1" ind2=" ">
   <subfield code="a">Deodat, Leoncio S.</subfield>
  </datafield>
  <datafield tag="245" ind1="1" ind2="0">
   <subfield code="a">Alrededor del toponimo patagonia /</subfield>
   <subfield code="c">Leoncio S. Deodat.</subfield>
  </datafield>
  <datafield tag="260" ind1=" " ind2=" ">
   <subfield code="a">Buenos Aires :</subfield>
   <subfield code="b">,</subfield>
   <subfield code="c">1955</subfield>
  </datafield>
  <datafield tag="300" ind1=" " ind2=" ">
   <subfield code="a">46 p.</subfield>
  </datafield>
  <datafield tag="653" ind1=" " ind2=" ">
   <subfield code="a">Castellano-toponimos</subfield>
  </datafield>
  <datafield tag="859" ind1=" " ind2=" ">
   <subfield code="a">AR-BHAM</subfield>
   <subfield code="b">BIB. HUMANIDADES - General</subfield>
   <subfield code="h">464.1</subfield>
   <subfield code="i">D44-1</subfield>
   <subfield code="p">462.61</subfield>
   <subfield code="t">Ej.1</subfield>
  </datafield>
 </record>
</collection>
